فارسی داستان نویسی مختصر باریخ / (Record no. 172313)

MARC details
000 -LEADER
fixed length control field 00625nam a22001937a 4500
005 - DATE AND TIME OF LATEST TRANSACTION
control field 20200131131027.0
010 ## - LCCN (DPL NO)
LC control number A-773201
020 ## - INTERNATIONAL STANDARD BOOK NUMBER
Terms of availability 45.00
035 ## - SYSTEM CONTROL NUMBER
System control number A-773201
037 ## - SOURCE OF ACQUISITION
Source of stock number/acquisition BPPD/Pub.
082 ## - DEWEY DECIMAL CLASSIFICATION NUMBER
Classification number 841.08
100 ## - MAIN ENTRY--PERSONAL NAME
Personal name مومن محی الدین
245 ## - TITLE STATEMENT
Title فارسی داستان نویسی مختصر باریخ /
Statement of responsibility, etc مومن محی الدین
246 ## - VARYING FORM OF TITLE
Title proper/short title Farsi Dastaan Nausi Ki Mukhtasar Tareekh /
Remainder of title by Momin Mahiuddin
260 ## - PUBLICATION, DISTRIBUTION, ETC. (IMPRINT)
Place of publication, distribution, etc Delhi
Name of publisher, distributor, etc Maktaba Jamia
Date of publication, distribution, etc 1994 ء
270 ## - ADDRESS
Address Jamia Nagar
City New Delhi
Postal code 110025
300 ## - PHYSICAL DESCRIPTION
Extent 80p.
Dimensions 21cm(Hb)
942 ## - ADDED ENTRY ELEMENTS (KOHA)
Source of classification or shelving scheme Dewey Decimal Classification
Item type Urdu Bks
Classification part 841.08
Call number suffix م و م
Holdings
Withdrawn status Lost status Not for loan Collection code Home library Current library Date acquired Source of acquisition Cost, normal purchase price Full call number Barcode Copy number Cost, replacement price Koha item type
      Non-fiction Central Library Central Library 31/01/2020 BPPD/Ven. 45.00 841.08 م و م A-773201 1 45.00 Urdu Bks

© Delhi Public Library
Hit Counter
free hit counter